50 mots à traduire - IT - Statistiques

Statistiques générales
  • Ce quiz a été pris 15 fois
  • Le résultat moyen est 8 sur 50
Statistiques - réponses
FR EN % Correct
Utilisateur User
86%
Bibliothèque Library
71%
Logiciel Software
71%
Réseau social Social network
64%
Compte Account
43%
Pare-feu Firewall
43%
Logiciel espion Spyware
29%
Base de données Database
21%
Télécharger To download
21%
Site animé Animated site
14%
Navigateur Browser
14%
Stockage de données Data storage
14%
Transfert de fichier File transfer
14%
Programmation Programming
14%
Serveur Server / Host
14%
Plan de site / Arborescence Sitemap
14%
Créer un compte To sign up
14%
Expérience utilisateur User experience
14%
Interface de programmation Application Programming Interface
7%
Sauvegarde Backup
7%
Bande passante Bandwidth
7%
Bannière Banner
7%
Langage binaire Binary language
7%
Système de gestion de contenu Content Management System
7%
Flux de données Data flow
7%
Nom de domaine Domain Name
7%
Site dynamique Dynamic site
7%
Partage de fichier File sharing
7%
Protocole de transfert de fichier File Transfer Protocol
7%
Cadre de travail Framework
7%
Charte graphique Graphic charter
7%
Interface utilisateur graphique Graphic user interface
7%
Service d’hébergement Hosting service
7%
Environnement de développement Integrated development environment
7%
Objet interactif Interactive object
7%
Maintenance Maintenance
7%
Balise Markup
7%
Prototype d'interface utilisateur Mock-up
7%
Refonte Redesign
7%
Référencement Referencing
7%
Moteur de recherche Search Engine
7%
Référencement payant Search Engine Advertising
7%
Optimisation pour les moteurs de recherche Search Engine Optimization
7%
Référencement abusif Spamdexing
7%
Cahier des charges Specifications
7%
Site statique Static site
7%
Définir un mot de passe To set a password
7%
Identifiant Username
7%
Visite virtuelle Virtual visit
7%
Maquette fonctionnelle d'un site Wireframe
7%
Aucun quiz correspondant
Distribution des résultats
% des personnes avec chaque résultat
Percentile par nombre de réponses
Votre historique - résultats
Vous n’avez pas pris ce quiz